| 000 | 01650nam a22002657a 4500 | ||
|---|---|---|---|
| 999 |
_c62993 _d62993 |
||
| 001 | |||
| 003 | Ge_BSU | ||
| 005 | 20250424123053.0 | ||
| 008 | 250424s2023 ge ||||| |||| 00| 0 geo d | ||
| 020 | _a9789941836169 | ||
| 041 | _ageo | ||
| 080 | _a634.7 კ-41 | ||
| 245 |
_aკენკროვანი კულტურების (ჟოლო, ლურჯი მოცვი) მოვლა-მოყვანის აგროტექნოლოგია / _cნანა ჯაბნიძე, რეზო ჯაბნიძე, ლიანა ქოიავა, დავით ზოიძე ; რედაქტორი მარინე ბარვენაშვილი. |
||
| 264 |
_aთბილისი : _bაგრო, _c2023. |
||
| 300 |
_a28 გვ. : _bილ. ; _c21 სმ. |
||
| 500 | _aგარეკანზე და თავფურცელზე ავტორები აღნიშნულნი არ არიან | ||
| 504 | _aბიბლიოგრაფია: გვ. 18. | ||
| 653 | _aკენკროვანი კულტურები | ||
| 700 |
_aჯაბნიძე, რეზო _eავტორი _92484 |
||
| 700 |
_aქოიავა, ლიანა _eავტორი _924936 |
||
| 700 |
_aზოიძე, დავით _eავტორი _924937 |
||
| 700 |
_aბარვენაშვილი, მარინე _eრედაქტორი _924938 |
||
| 710 |
_aსაქართველოს სოფლის მეურნეობის მეცნიერებათა აკადემია. _913130 |
||
| 942 |
_2udc _cBK |
||